00473nam a2200169Ia 450000500170000000800410001702000240005804000190008204100120010108200160011310000140012924500580014326000440020130000210024565000270026685000100029320240203095720.0131103s9999 xx 000 0 und d a8178883791c1195.00 aLoreto College aEnglish a370.15bDAS aDash,B.N. aPsychology of Teaching Learning Process, cB.N.Dash aNew DelhibDominant Publishersc2009-10 avarious pagings  aEducational psychology aLCLIB